Представление документа в формате RUSMARC

ПолеНазваниеЗначение
  Тип записи a
  Библиографический уровень m
001 Контрольный номер RU/IS/BASE/380371887
005 Дата корректировки 20180510182028.7
101 Язык документа 0_
a Язык текста rus
200 Заглавие и сведения об ответственности __
a Заглавие Механика космического полёта в элементарном изложении
210 Выходные данные __
a Место издания Москва
c Издательство Наука
d Дата издания 1974
686 Индексы других классификаций __
a Индекс ББК 39.6
700 Автор __
a Фамилия Левантовский
b Имя В. И.
801 Источник записи _0
a Страна RU
b Организация Центральная районная библиотека им. Г. А. Пирожникова
801 Источник записи _1
a Страна RU
b Организация Центральная районная библиотека им. Г. А. Пирожникова
852 Данные о местонахождении __
j Шифр хранения 3
b Сигла хранения ООЧ
901 Тип документа __
t Тип документа m
991 Признак экспресс-каталогизации __
a Признак экспресс-каталогизации express.Acquisition